Quizzes
Events
Quiz Creation
Community
Videos
Private Events
Remove Ads
Sign In
Join for FREE
Feedback
Dark Mode
Quiz Categories
Sports
Geography
Music
Movies
Television
Just For Fun
Miscellaneous
History
Literature
Language
Science
Gaming
Entertainment
Religion
Holiday
For Kids
Quiz Lab
Recent
Popular Today
Quiz Kudos Today
Editor Picks
Curator Picks
Quizzes by...
Day
Popularity
Type
Ratings
Length
Year
Community
Subscriptions
Recent Discussions
Orange Saloon
Badges
Playlists
Quests
Create
Leaderboards
Showdown
Live 5
Trivia Bingo
Activity
Puzzle Library
Sporcle Events
Private Events
Virtual Trivia
Globe League
Become a Host
Pub Owners
SporcleCon
Opinionation
Our Games
Videos
Blog
Mobile Apps
Partnerships
Remove Ads and Go Orange
Feedback
Just For Fun
Clickable
Get the Picture
Humor
Quick Pick
Word Ladder
Missing Word
Mixed Word
Blitz
Minefield
This or That
Alphabet
Color
Typing
Sporcle
Puzzle
Word Play
Follow That Line
Logic
Just For Fun
Clickable
Get the Picture
Humor
Quick Pick
Word Ladder
Missing Word
Mixed Word
Blitz
Minefield
This or That
Alphabet
Color
Typing
Sporcle
Puzzle
Word Play
Follow That Line
Logic
Random Quiz
Search Sporcle
×
Quiz Lab
Quiz Lab
Just For Fun
Quite
Type in answers that appear in a list
Type in answers that appear in a list
Classic
Best Score? Go Orange.
QI (Quite Interesting) Quiz Stats
Can you name the correct answers to these easy questions?
By
CocoMac877
10m
15 Questions
575 Plays
575 Plays
575 Plays
Comments
Comments
Give Quiz Kudos
Give Quiz Kudos
-
- Ratings
hide this ad
More Info
Replay
Link that replays current quiz
Next Quiz
Link to next quiz in quiz playlist
You Got
0%
They Got
Avg Score
34%
Avg Friend Score
Upgrade to see
Score Distribution
Jump to the score distribution portion of the page
Score
0/15
Timer
10:00
0
Plays Today
question
Answer
% Correct
Have you ever slid down a banister?
No
88.2%
How many legs does a crab have?
10
63.8%
What is the number of the beast?
616
63.1%
How many poles does the earth have?
11
59.3%
How many muscles are there in a human finger?
None
44.5%
When did WW2 officially end?
1990
42.3%
In which country are you most likely to see a tornado?
UK
38.4%
What did Samuel Pepys bury in his garden during the Great Fire of London?
Cheese
37.4%
question
Answer
% Correct
What was Ghandi's first name?
Mohandas Karamchand
25.4%
What is the longest animal in the world?
Bootlace worm
15.5%
What is the largest lake in Canada?
Great Bear Lake
14.1%
Who is the oldest man in the bible?
Enoch
9.2%
Of what is E pluribus unum the official motto?
Sport Lisboa e Benfica
4.2%
What were the first words spoken on the surface of the moon?
Contact light
4.2%
Who was the first president of America?
Peyton Randolph
3.1%
Quiz Playlist
Details
Report
Send in Message
Add To Playlist
More Info:
These are all questions taken from the British quiz show QI, the answers to the questions aren't as straightforward as they may first appear.
Classic:
Type in answers that appear in a list
Quiz Source
Last Updated: Feb 16, 2017
Quiz Scoreboard
CHALLENGE
Sign Up to Join the Scoreboard
Show All
Scores
Hide
Comments
May contain spoilers
Recently Published
Movies - When Are They Set?
by FPL_Elf
Movies
5m
Popular People in 1961
by mucciniale
History
6m
1-10 Letter E Words III
by El_Dandy
Language
2m
More to Explore
Quiz From the Vault
Featured Blog Post
Where Did the Easter Bunny Come From?
hide this ad
You Might Also Like...
Tags
Easy
Quite
Today's Top Quizzes in Just For Fun
Browse Just For Fun
hide this ad
Today's Top Quizzes in Quite
Browse Quite
Top Contributed Quizzes in Just For Fun
1
Harry Potter Logic - 'In Chains' II
2
Crossword Whiteout! 49
3
Survivor Winners Logic Puzzle
4
1-30 Clickable Mines
5
Harry Potter Logic Puzzle
6
one piece logic puzzle
7
Thermometer Puzzle 25
8
Zeroing In: Just For Fun
9
Word Ladder: Ahoy Matey
10
Aquarium Logic Puzzle 17
Explore More
Trending Topics
Kpop
NBA
Crossword
Harry Potter
Disney
Marvel
Anime
The Office
Soccer
Puzzle
WWE
Pokémon
Song
Country
NFL
hide this ad
More By:
CocoMac877
Quiz
Plays
Rating
Category
Featured
Created
Countries by % population killed in WW2
6,495
2.42
History
Feb 6, 2011
Countries Israel Defeated in the Six Day War
2,252
4.00
History
Mar 19, 2011
Host Cities of Both the Olympics and FIFA World Cup
684
3.83
Sports
Apr 7, 2011
5 worst Pandemics
635
2.67
History
Apr 5, 2011
QI (Quite Interesting) Quiz
575
3.00
Just For Fun
Apr 7, 2011
Go to Creator's Profile
Score Distribution
Quiz Creator Spotlight
CocoMac877
Follow
Send a Message
Quizzes Created
-
Created Quiz Play Count
-
More By This Creator
Popular Quizzes Today
1
Find the Countries of Europe - No Outlines Minefield
2
Find the US States - No Outlines Minefield
3
The Countries of the World
4
Popular People in 1961
5
1-10 Letter E Words III
6
US States
7
Find the US States
8
One Thing in Common: World Cities II
More Just For Fun Quizzes
British Cities Typing Challenge
Published
Trending Quizzes
Risky Map Clicking: Least Populous States A-Z
Humor Books: The Subtitles
1-10 Letter F Words
1-10 Letter G Words
One Thing in Common: United Kingdom
Recently Updated
Leaping Animals
pecheneg
Reality TV Shows (A-Z)
bhenderson79
Rickey Henderson's Hall of Fame Teammates
pecheneg
Champions League XIs: Arsenal
pecheneg
Quick Pick: Celebrities in WWE's Hall of Fame
aduchscher
A-Z Keypad Blitz II
pecheneg
Multiple Oscar Actors
pecheneg
Mystery Phrase Blitz: Oscar 'Best Actors'
pecheneg
F. Scott Fitzgerald Novels
LTH
Pick 3 Villains
ddd62291
Trending Topics
Anime
Disney
NBA
Crossword
Kpop
Marvel
Harry Potter
Song
Country
NFL
Pokémon
Soccer
The Office
WWE
Puzzle
Your Account Isn't Verified!
In order to create a playlist on Sporcle, you need to verify the email address you used during registration. Go to your
Sporcle Settings
to finish the process.
Report this User
Report this user for behavior that violates our
Community Guidelines
.
Details:
Send Report
Go to the Sporcle.com Mobile Site →
Comments